01135nab a22002537a 4500999001500000003000400015005001700019008004100036040000700077100004100084245014700125260004200272300001200314500003600326505012800362505008900490650002600579650004300605650003200648650003400680650003400714773012000748942001300868 c6538d6538OSt20260223120609.0190506c xxu||||| |||| 00| 0 spa d cPJ 97019aCarbonero, Natalia Jacqueline 13aLa sindicalización, la negociación colectiva y los conflictos colectivos de los trabajadores de lataforma /cNatalia Jacqueline Carbonero. aBuenos Aires :bAbeledoPerrot,c2024. ap. 9-14 aCita: TR LALEY AR/DOC/312/2024. aSumario: I. Introducción.— II. Trabajadores de plataforma y el derecho colectivo.— III. Conclusión.— IV. Resumen. t¿Te interesa el texto completo? Comunicate al correo: koha@justierradelfuego.gov.ar 091316aDERECHO LABORAL 091462aCONFLICTOS COLECTIVOS DE TRABAJO 091346aNEGOCIACION COLECTIVA 091370aREPRESENTACION SINDICAL 091367aASOCIACIONES SINDICALES0 0275193202dBuenos Aires : AbeledoPerrot, 2013-tRevista de derecho laboral y seguridad social. Nº 7 - Abril 2024 2udccANA